Treuhandanstalt and Investment Acquisitions How to Ensure that Contracts Are Kept?

Na minha lista:
Detalhes bibliográficos
Autor principal: Schmidt, Klaus-Dieter
Formato: Livro
Idioma:inglês
Publicado em: Kiel Institut für Weltwirtschaft 1994
Colecção:Kiel Working Paper No.632
Assuntos:
Tags: Adicionar Tag
Sem tags, seja o primeiro a adicionar uma tag!

MARC

LEADER 00000nam a2200000 4500
001 c010663
005 20250521093122.3
041 0 |a eng 
044 |a DE 
245 1 0 |a Treuhandanstalt and Investment Acquisitions  |b How to Ensure that Contracts Are Kept?  |c Klaus-Dieter Schmidt 
264 1 |a Kiel  |b Institut für Weltwirtschaft  |c 1994 
300 |a 22 s. 
490 1 |a Kiel Working Paper  |v No.632 
830 0 |a Kiel Working Paper  |v No.632 
610 2 0 |a investície 
610 2 0 |a spoločnosti investičné 
610 2 0 |a majetok 
610 2 0 |a zmluvy 
610 2 0 |a privatizácia 
610 2 0 |a zamestnanosť 
610 2 0 |a plánovanie 
100 1 |a Schmidt, Klaus-Dieter